|
|
|
|
| LEADER |
01724nam a2200277 a 4500 |
| 008 |
100103r20092010ii a b 001 0 eng d |
| 020 |
|
|
|a 9788126521517
|
| 040 |
|
|
|a BD-DhAAL
|c BD-DhAAL
|
| 082 |
0 |
0 |
|a 621.382
|2 22
|
| 100 |
1 |
|
|a Haykin, Simon.
|
| 245 |
0 |
0 |
|a Communication systems /
|c Simon Haykin and Michael Moher.
|
| 250 |
|
|
|a 5th eh.
|
| 260 |
|
|
|a New Delhi :
|b John Wiley & Sons, Inc.,
|c 2010 [reprinted 2009].
|
| 300 |
|
|
|a xi, 422 p. :
|b ill. ;
|c 24 cm.
|
| 504 |
|
|
|a Includes bibliographical references and index.
|
| 541 |
1 |
|
|e 00019676
|
| 650 |
|
0 |
|a Telecommunication systems.
|
| 650 |
|
0 |
|a Signal theory (Telecommunication)
|
| 700 |
1 |
|
|a Moher, Michael.
|
| 852 |
4 |
|
|a Ayesha Abed Library
|j General shelf
|
| 999 |
|
|
|c 6615
|d 6615
|
| 952 |
|
|
|0 0
|1 0
|2 ddc
|4 0
|6 621_382000000000000_HAY_2010
|7 0
|9 6775
|a BRACUL
|b BRACUL
|c GEN
|d 2010-01-03
|e Trust Line International
|l 5
|m 6
|o 621.382 HAY
|p 3010019676
|r 2024-10-02
|s 2024-05-29
|t 5
|w 2010-01-03
|y BK
|
| 952 |
|
|
|0 0
|1 0
|2 ddc
|4 0
|6 621_382000000000000_HAY_2010
|7 0
|9 6776
|a BRACUL
|b BRACUL
|c GEN
|d 2010-01-03
|e Trust Line International
|l 3
|m 23
|o 621.382 HAY
|p 3010019675
|r 2024-09-24
|s 2024-05-29
|t 1
|w 2010-01-03
|y BK
|
| 952 |
|
|
|0 0
|1 0
|2 ddc
|4 0
|6 621_382000000000000_HAY_2010
|7 0
|9 6777
|a BRACUL
|b BRACUL
|c GEN
|d 2010-01-03
|e Trust Line International
|l 5
|m 76
|o 621.382 HAY
|p 3010019677
|r 2026-05-17
|s 2026-02-02
|t 4
|w 2010-01-03
|y BK
|
| 952 |
|
|
|0 0
|1 0
|2 ddc
|4 0
|6 621_382000000000000_HAY_2010
|7 0
|9 6778
|a BRACUL
|b BRACUL
|c GEN
|d 2010-01-03
|e Trust Line International
|l 3
|m 14
|o 621.382 HAY
|p 3010019678
|r 2024-10-02
|s 2024-05-29
|t 3
|w 2010-01-03
|y BK
|
| 952 |
|
|
|0 0
|1 4
|2 ddc
|4 0
|6 621_382000000000000_HAY
|7 0
|9 6779
|a BRACUL
|b BRACUL
|c GEN
|d 2010-01-03
|e Trust Line International
|l 0
|o 621.382 HAY
|p 3010019679
|r 2010-01-03
|t 2
|w 2010-01-03
|y BK
|x Koha Inventory 2020
|